Music Quiz

Random Music or Soccer Quiz

FIFA 16 Soundtrack Quiz Stats

 Plays Quiz not verified by Sporcle

Challenge
Share
Tweet
Embed
Score 0/42 Timer 10:00
0 Plays Today
Artist Song % Correct
BeckDreams
61.5%
Tiggs Da AuthorRun
60%
BannersShine A Light
58.5%
John NewmanTiring Game
53.8%
SlaptopWalls
53.8%
Years & YearsGold
53.8%
BastilleHangin'
52.3%
B├śRNSFool
52.3%
FoalsMountain At My Gates
49.2%
No WyldLet Me Know
49.2%
Parade of LightsFeeling Electric
49.2%
RACBack Of The Car
49.2%
April TowersA Little Bit Of Fear
47.7%
DisclosureOmen
47.7%
Icona PopEmergency
47.7%
KygoID
47.7%
Skylar GreyCannonball
47.7%
KaleoWay Down We Go
46.2%
Nothing But ThievesTrip Switch
46.2%
All TvvinsDarkest Ocean
44.6%
AURORAConqueror
43.1%
Artist Song % Correct
Bomba EstereoSoy Yo
43.1%
Jax JonesYeah Yeah Yeah
43.1%
Of Monsters And MenCrystals
43.1%
Everything EverythingDistant Past
40%
The Royal ConceptSmile
40%
ZibraGoodbye Mondays
40%
CoastsTonight
38.5%
Unknown Mortal OrchestraCan't Keep Checking My Phone
38.5%
Miami HorrorAll It Ever Was
36.9%
RauryCrystal Express
36.9%
DuranteSlow Burn
35.4%
BaioSister of Pearl
33.8%
The Very BestMakes A King
33.8%
Louis The ChildIt's Strange
32.3%
SpeelburgLay It Right
32.3%
X-WifeMovin' Up
30.8%
Gin WigmoreNew Rush
29.2%
Swim DeepOne Great Song And I Could Change The World
29.2%
Seinabo SeyPretend
27.7%
Baiana SystemPlaysom
24.6%
Atlas GeniusStolkholm
13.8%

You're not logged in!

Compare scores with friends on all Sporcle quizzes.
OR
Log In

You Might Also Like...

Show Comments

Extras

Top Quizzes Today


Score Distribution

Your Account Isn't Verified!

In order to create a playlist on Sporcle, you need to verify the email address you used during registration. Go to your Sporcle Settings to finish the process.

Report this User

Report this user for behavior that violates our Community Guidelines.

Details: